Le livre du plein air / (Record no. 109369)

MARC details
000 -LEADER
campo de control de longitud fija 00504nam a2200169 4500
001 - NÚMERO DE CONTROL
campo de control 109369
003 - IDENTIFICADOR DE NÚMERO DE CONTROL
campo de control ES-MaACL
005 - FECHA Y HORA DE LA ÚLTIMA TRANSACCIÓN
campo de control 20230906184829.0
007 - CAMPO FIJO DE DESCRIPCIÓN FÍSICA--INFORMACIÓN GENERAL
campo de control de longitud fija t|
008 - DATOS DE LONGITUD FIJA--INFORMACIÓN GENERAL
campo de control de longitud fija 061121s1909 fr r ||||1| fre d
100 1# - ENTRADA PRINCIPAL--NOMBRE DE PERSONA
Nombre de persona Muller, Jorgen Peter.
9 (RLIN) 84130
245 13 - MENCIÓN DEL TÍTULO
Título Le livre du plein air /
Mención de responsabilidad, etc. Jorgen Peter Muller; traduit du danois par Fr. Leray et E. Philipot.
260 ## - PUBLICACIÓN, DISTRIBUCIÓN, ETC.
Lugar de publicación, distribución, etc. Copenhagne :
Nombre del editor, distribuidor, etc. [s.n.],
Fecha de publicación, distribución, etc. 1909.
700 1# - ENTRADA AGREGADA--NOMBRE PERSONAL
Nombre de persona Leray, Fr.
9 (RLIN) 71746
700 1# - ENTRADA AGREGADA--NOMBRE PERSONAL
Nombre de persona Philipot, E.
9 (RLIN) 91669
852 ## - LOCALIZACIÓN
Ubicación ES-MaACL
Número de control de estantería F-1198-F-1
Holdings
Estatus retirado Estado de pérdida Estado de daño No para préstamo Biblioteca de origen Biblioteca actual Ubicación en estantería Fecha de adquisición Fuente de adquisición Total de préstamos Signatura topográfica completa Código de barras Visto por última vez Precio de reemplazo Tipo de ítem Koha
        Biblioteca del Ateneo de Madrid Biblioteca del Ateneo de Madrid Depósito folletos 17/01/2008     F-1198-F-1 1114117 23/02/2023 23/02/2023 Libro impreso